Ethics in Management Consulting

Dodržiavanie etických štandardov pri manažérskom poradenstve v slovenskom podnikateľskom prostredí.

Saved in:
Bibliographic Details
Main Author: Hanuláková, Eva, 1964-
Other Authors: Daňo, Ferdinand, 1959-
Format: Book Chapter
Language:English
Subjects:
Tags: Add Tag
No Tags, Be the first to tag this record!

MARC

LEADER 00000naa$a2200000$$$4500
001 0248775
005 20240502073959.1
041 0 |a eng 
044 |a SK 
245 1 0 |a Ethics in Management Consulting  |c Eva Hanuláková, Ferdinand Daňo 
520 |a Dodržiavanie etických štandardov pri manažérskom poradenstve v slovenskom podnikateľskom prostredí. 
610 2 0 |a etika 
610 2 0 |a etika manažérska 
610 2 0 |a etika podniková 
610 2 0 |a poradenstvo 
610 2 0 |a manažment 
610 2 0 |a Slovensko 
610 2 0 |a konzultanti 
100 1 |a Hanuláková, Eva, 1964- 
700 1 |a Daňo, Ferdinand, 1959-